000 00553 a2200205 4500
001 140135
003 OSt
005 20260121144314.0
008
020 _a9780070597846
082 _a514
_bS47I
100 1 _aSimmons, George F.
245 1 _aIntroduction to topology and modern analysis
_cby George F. Simmons
260 _aNew Delhi
_bMcGraw Hill
_c2010, 2013, 2016
300 _axv, 372p.
546 _aenglish
650 _aMathematics
653 _aTopology; Mathematical analysis
942 _2ddc
_cBK
999 _c20699
_d20699